00887 2200229 4500001002100000005001700021008004100038035002500079040001200104082001200116084001700128100002600145245020100171260005900372300003600431500010000467504002800567650001400595700001800609850001200627990001800639INLIS00000000000928320150808065918.0  a0010-081500000000721 aYOPDYOG 223a657 aSK 657 Ign P aIGNATIUS Noviwidianto aPersepsi akuntansi yang bekerja pada kantor akuntan publik terhadap independensi pemeriksaan akuntan publikb( Studi kasus pada empat kantor akuntan publik di Yogyakarta )c/ Ignatius Noviwidianto aYogyakartabUniversitas Sanata Dharma Yogyakartac2007 axiii, 68 lembar. ;.c; 29,5 cm. aSkripsi Prodi Akuntansi Jurusan Akuntansi Fakultas Ekonomi Universitas Sanata Dharma Yogyakarta aBibliografi: hlm. 67-68 aAkuntansi aJOKO Siswanto aYOPDYOG a47538-PD/A.15